Geography Quiz

Random Geography or World Quiz

Anything but Latvia Quiz Stats

 Plays Quiz Updated Mar 21, 2018

Challenge
Share
Tweet
Embed
Score 0/48 Timer 07:00
0 Plays Today
% Correct
Lithuania
97.2%
Lithuania
97.2%
Lithuania
96.1%
Ukraine
88.6%
Estonia
88.5%
Estonia
86.6%
Poland
86.4%
Ukraine
84.5%
Norway
84.4%
Norway
84.3%
Finland
83.9%
Poland
83.4%
Laos
83.2%
Luxembourg
83.2%
Luxembourg
82.5%
Belarus
81.8%
Liechtenstein
79.3%
Romania
78.2%
Slovakia
77.6%
Slovenia
76.6%
Liberia
76.1%
Croatia
75.2%
Libya
74.5%
Croatia
74.3%
% Correct
Czechia
74.1%
Italy
73.2%
Lesotho
73.2%
Bulgaria
73.2%
Hungary
72.8%
Hungary
72.7%
Lebanon
66%
Peru
63.1%
Austria
61.6%
Serbia
59.4%
Cyprus
58.5%
Netherlands
58.2%
Switzerland
56.5%
Malta
54.5%
Russia
48.3%
Fiji
39.4%
Togo
38%
Azerbaijan
34.4%
Qatar
34.3%
Samoa
29.8%
Maldives
26.3%
South Sudan
26.3%
Timor-Leste
26.3%
Zambia
22.6%

You're not logged in!

Compare scores with friends on all Sporcle quizzes.
Join for Free
OR
Log In

You Might Also Like...

Show Comments

Extras

Top Quizzes Today


Score Distribution

Your Account Isn't Verified!

In order to create a playlist on Sporcle, you need to verify the email address you used during registration. Go to your Sporcle Settings to finish the process.

Report this User

Report this user for behavior that violates our Community Guidelines.

Details: